| 000 | 01034nam a2200457Ia 4500 | ||
|---|---|---|---|
| 001 | 42574 | ||
| 005 | 20240114003511.0 | ||
| 007 | ta | ||
| 008 | 090409s1963 g b000 u 903 u | ||
| 020 | _cHB | ||
| 040 | _aCotton College,Assam | ||
| 041 | _a903 | ||
| 082 |
_a891.444 _bT 129 B |
||
| 100 | _aThakur, Robindra Nath . | ||
| 245 | 0 |
_aBichitra Prabandha / _cRobindra Nath Thakur. _hTextual Documents |
|
| 250 | _a3rd ed / | ||
| 260 |
_aKolkata : _bBiswa Bharati , _c1963. |
||
| 300 |
_a135p ; _c18cm. |
||
| 653 | _aBengali literature | ||
| 653 | _aT/G- Bengali | ||
| 653 | _aG-Bengali | ||
| 942 |
_2ddc _cBK |
||
| 999 |
_c42540 _d42540 |
||